000 00288nam a22001337a 4500
008 170831b xxu||||| |||| 00| 0 eng d
020 _a2900312433092
041 _aeng
080 _23RD
_a070
100 _a40
101 _aMED
245 _aEASY WRITER
_cLUNSFORD,A,A
942 _2udc
_cBK
999 _c25857
_d25857